banner-ar

اثنا عشر قصة / (Record no. 47536)

MARC details
000 -الفاتح
حقل البيانات ثابتة الطول 00418nam a2200133Ia 4500
008 - عناصر البيانات ثابتة الطول - معلومات عامة
حقل البيانات ثابتة الطول 140319s9999 xx 000 0 ara d
040 ## - مصدر الفهرسة
وكالة الفهرسة الأصلية GCL /
وكالة النسخ GCL
082 04 - رقم تصنيف ديوى العشرى
رقم التصنيف 823.01
رقم المادة هـ ق
100 1# - المدخل الرئيسى - إسم شخصى
الإسم الشخصى هوثورن, نتانيال
245 10 - بيان العنوان
العنوان اثنا عشر قصة /
بيان المسئوليه,etc هوثورن, نتانيال
300 ## - الوصف المادى
التعداد 221 ص
490 ## - بيان السلسلة
عنوان السلسلة السلسلة القصصية لتعليم اللغة الانكليزية
رقم المجلد/ التعيين التسلسلي 0
Holdings
حالة التراجع حالة الفقد حالة تلف ليس للاعارة المكان المؤقت الموقع الحالى تاريخ الاكتساب اجمالي اﻻعارات رقم الطلب الباركود تاريخ اخر مشاهدة تاريخ تفعيل السعر نوع وعاء كوها
        مكتبة القاهرة الكبرى مكتبة القاهرة الكبرى 03/26/2014   823.01\هـ ق 114782 03/26/2014 03/26/2014 كتاب
        مكتبة القاهرة الكبرى مكتبة القاهرة الكبرى 03/26/2014   823.01\هـ ق 114783 03/26/2014 03/26/2014 كتاب

Powered By

EGPV